Представление документа в формате RUSMARC

ПолеНазваниеЗначение
  Тип записи a
  Библиографический уровень a
001 Контрольный номер RU/CBS_Ul/BASE/485373150
005 Дата корректировки 20251030153454.1
100 Данные общей обработки __
a Данные общей обработки 20150519d2015 ||| 0rusy0189 ca
101 Язык документа 0_
a Язык текста rus
102 Страна публикации __
a Страна публикации RU
105 Кодированные данные (монография) __
a Кодированные данные (монография) y###||||000|y
200 Заглавие и сведения об ответственности 1_
a Заглавие Новый штурм
b Общее обозначение материала Текст
e Сведения, относящиеся к заглавию [взятие Кёнигсберга советскими войсками в 1945 году]
f Первые сведения об ответственности А. А. Кадашевский
300 Общие примечания __
a Общие примечания Ограничения по возрасту - 12+
461 Уровень набора _0
1 2000
a Русский дом
463 Уровень физической единицы _0
1 001RU/CBS_Ul/BASE/485371759
1 2000
a № 4
v С. 8 : фото
1 210
d 2015
606 Тематические рубрики 0_
a Основная рубрика Великая Отечественная война - 1941-1945 - Кёнигсберская операция
y Географическая подрубрика Калининград, город
y Географическая подрубрика Кёнигсберг, город (Германия)
z Хронологическая подрубрика 1945 г.
610 Ключевые слова 0_
a Ключевые слова освобождение Кёнигсберга
a Ключевые слова Великая Отечественная война
a Ключевые слова Кёнигсбергская операция
a Ключевые слова За взятие Кёнигсберга (медали)
686 Индексы других классификаций __
a Классификационный индекс 63.3(2)622.13
2 Код системы ББК
700 Автор _1
a Фамилия Кадашевский
b Имя (инициалы) А. А.
801 Источник записи _0
a Страна RU
b Организация МБУК ЦБС г. Ульяновска
c Дата составления 20150519
g Правила каталогизации RCR
801 Источник записи _1
a Страна RU
b Организация МБУК ЦБС г. Ульяновска
c Дата составления 20150519
g Правила каталогизации RCR
901 Тип документа __
t Тип документа b
w Контрольный № источника RU/CBS_Ul/BASE/485371759
910 Корректоры записи __
a Корректор записи Библиотека 2
938 Служебная информация __
a Имя БД period